000
00289nam a2200121Ia 4500
008
191201s2014 xx 000 0 und d
100
_a
GUPTA,S.C.
245
0
_a
Fundamentals of statistics
260
_a
N. delhi
_b
Himalya pub
_c
2014
300
_a
misc
650
_a
BBA
942
_2
ddc
_c
BK
_0
16
999
_c
6458
_d
6458